• 首页
  • 本馆介绍
  • 公告通知
  • 最新文献
  • 馆藏检索
  • 电子资源
  • 读者导购
  • 参考咨询
  • 我的图书馆
  • 登录
  • 详细信息显示
  • 放入我的书架
  • 预约/预借图书
  • 作者相关作品
  • 分类相关作品
  • 丛书相关作品
  • 出版社相关作品

书目信息

  • 表格格式
  • 工作单格式
  • 卡片格式
题名:
心理学与口才技巧
    
 
作者: 连山 编著
分册:  
出版信息: 北京   北京联合出版公司  2017
页数: 11,429页
开本: 25cm
丛书名:
单 册:
中图分类: B84-49 , C912.13-49
科图分类:
主题词: 心理学--通俗读物 , 心理交往--口才学--通俗读物
电子资源:
ISBN: 978-7-5502-8997-0
000 01275nam0 2200253 450
001 215
005 20180520200652.09
010    @a978-7-5502-8997-0@b精装@dCNY29.80
100    @a20170215d2017 em y0chiy50 ea
101 0  @achi
102    @aCN@b110000
105    @aa z 000yy
200 1  @a心理学与口才技巧@9xin li xue yu kou cai ji qiao@dPsychology and eloquence skills@zeng@f连山编著
210    @a北京@c北京联合出版公司@d2017
215    @a11,429页@c图@d25cm
330    @a本书全面系统地揭示心理学在口才技巧中的运用,比如,怎样赞美别人而不显阿谀奉承;怎样拒绝别人而不和对方交恶;怎样说好难说的话,应对尴尬场面;怎样打动别人,让别人按你说的做;怎样把话说到别人的心坎里;等等,指导读者把握好沉默的分寸,把握好说话时机、说话曲直、说话轻重和与人开玩笑的分寸,把握好调解纠纷时和激励他人时的说话分寸,懂得怎样问别人才会说、怎样说别人才会听。同时还向读者展示了同陌生人、同事、老板、客户、朋友、爱人、孩子、父母沟通的艺术,在求职面试、谈判演讲、尴尬时刻、宴会应酬、探望病人及应酬亲友时的说话艺术。
510 1  @aPsychology and eloquence skills@zeng
606 0  @a心理学@j通俗读物
606 0  @a心理交往@x口才学@j通俗读物
690    @aB84-49@v5
690    @aC912.13-49@v5
701  0 @a连山@9lian shan@4编著
801  0 @aCN@b91MARC@c20170215
905    @aMuseLib@dB84-49@e2124
    
    心理学与口才技巧=Psychology and eloquence skills/连山编著.-北京:北京联合出版公司,2017
    11,429页:图;25cm
    
    
    ISBN 978-7-5502-8997-0(精装):CNY29.80
    本书全面系统地揭示心理学在口才技巧中的运用,比如,怎样赞美别人而不显阿谀奉承;怎样拒绝别人而不和对方交恶;怎样说好难说的话,应对尴尬场面;怎样打动别人,让别人按你说的做;怎样把话说到别人的心坎里;等等,指导读者把握好沉默的分寸,把握好说话时机、说话曲直、说话轻重和与人开玩笑的分寸,把握好调解纠纷时和激励他人时的说话分寸,懂得怎样问别人才会说、怎样说别人才会听。同时还向读者展示了同陌生人、同事、老板、客户、朋友、爱人、孩子、父母沟通的艺术,在求职面试、谈判演讲、尴尬时刻、宴会应酬、探望病人及应酬亲友时的说话艺术。
●
相关链接 在E读中查询图书 在五车中查询图书 在当当中查询图书 在豆瓣中查询图书


正题名:心理学与口才技巧     索取号:B84-49/2124         预约/预借

序号 登录号 条形码 馆藏地/架位号 状态 备注
1 1101222   211012223   第一样本阅览室/ [索取号:B84-49/2124] 在馆    
2 1101223   211012232   教育系资料室/ [索取号:B84-49/2124] 在馆    
3 1101224   211012241   教育系资料室/ [索取号:B84-49/2124] 在馆    
4 1101225   211012250   教育系资料室/ [索取号:B84-49/2124] 在馆    
5 1101226   211012269   第一借阅区/ [索取号:B84-49/2124] 在馆    
6 1101227   211012278   第一借阅区/ [索取号:B84-49/2124] 在馆    
唐山师范学院图书馆 欢迎您!
大连网信软件有限公司© 版权所有